00884pam a2200265 ia4500001001400000003000400014005001700018008004100035015001400076020002300090020003800113040002900151082001200180100004500192245004900237264006400286300006700350336002100417337002500438338002300463490003300486650003600519650003000555830003300585vtls000866136PNM20210120111420.0181122s2019 my ao j 000 0 may  aM19-06675 a9789672254119qset a9789672254133qpaperbackcRM36.12 aBNMbengcBNMerdadPPAK04a6122230 aSafiatul Atiqah Razalli,d1989-eauthor.10aHidung Deria Apa? /cSafiatul Atiqah Razalli 1aPetaling Jaya, Selangor :bPENERBIT PRISMA SDN BHD,c[2019] a46 pages :bcolour illustrations, colour photographs ;c25 cm. atext2rdacontent aunmediated2rdamedia avolume2rdacarrier1 aUNIKNYA ORGAN DAN TUBUH KITA10aHuman bodyvJuvenile literature20aNosevJuvenile literature 0aUniknya organ dan tubuh kita